[Event "SK Schmiden/Cannstatt - SG Schwäbisch G"]
[Site "?"]
[Date "2022.03.27"]
[Round "4.2"]
[White "Krockenberger, Martin"]
[Black "Jurek, Josef"]
[Result "1/2-1/2"]
[WhiteElo "2244"]
[BlackElo "2195"]
[PlyCount "32"]
[EventDate "2022.??.??"]

1. d4 Nf6 2. Bg5 Ne4 3. Bf4 e6 4. e3 b6 5. Bd3 Bb7 6. f3 Nf6 7. e4 c5 8. Ne2
cxd4 9. Nxd4 d6 10. Be3 Nbd7 11. Nc3 a6 12. Qd2 Be7 13. g4 Ne5 14. g5 Nfd7 15.
O-O-O Qc7 16. Kb1 Nc4 1/2-1/2

[Event "SK Schmiden/Cannstatt - SG Schwäbisch G"]
[Site "?"]
[Date "2022.03.27"]
[Round "4.3"]
[White "Denisow, Jewgeny"]
[Black "Holzhaeuer, Mathias"]
[Result "1/2-1/2"]
[WhiteElo "2145"]
[BlackElo "2243"]
[PlyCount "21"]
[EventDate "2022.??.??"]

1. e4 d5 2. exd5 Nf6 3. Nf3 Nxd5 4. d4 Bg4 5. Be2 Nc6 6. c3 e6 7. Ne5 Bxe2 8.
Qxe2 Nxe5 9. dxe5 Qd7 10. O-O Be7 11. c4 1/2-1/2

[Event "SK Schmiden/Cannstatt - SG Schwäbisch G"]
[Site "?"]
[Date "2022.03.27"]
[Round "4.5"]
[White "Hoenick, Andreas"]
[Black "Loehr, Markus"]
[Result "0-1"]
[WhiteElo "2147"]
[BlackElo "2230"]
[PlyCount "66"]
[EventDate "2022.??.??"]

1. d4 Nf6 2. c4 g6 3. Nc3 d5 4. cxd5 Nxd5 5. e4 Nxc3 6. bxc3 Bg7 7. Bc4 c5 8.
Be3 Nc6 9. Ne2 O-O 10. O-O Qc7 11. Rc1 Rd8 12. h4 a6 13. h5 b5 14. Bb3 Bb7 15.
hxg6 hxg6 16. Nf4 Na5 17. Qf3 Nxb3 18. axb3 cxd4 19. cxd4 Qd6 20. d5 a5 21. Nd3
a4 22. Nc5 Bc8 23. bxa4 bxa4 24. Rc2 a3 25. Ra2 Ba6 26. Nxa6 Rxa6 27. Bc1 Rda8
28. Rd1 Qb4 29. Qe2 Ra4 30. g3 Qb3 31. Kg2 Bb2 32. Rxb2 axb2 33. Qxb2 Qxd1 0-1

[Event "SK Schmiden/Cannstatt - SG Schwäbisch G"]
[Site "?"]
[Date "2022.03.27"]
[Round "4.6"]
[White "Thoma, Christian"]
[Black "Bergner, Philipp"]
[Result "1/2-1/2"]
[WhiteElo "2180"]
[BlackElo "2086"]
[PlyCount "109"]
[EventDate "2022.??.??"]

1. d4 d5 2. c4 e6 3. Nc3 Nf6 4. cxd5 Nxd5 5. e4 Nxc3 6. bxc3 c5 7. Nf3 cxd4 8.
cxd4 Bb4+ 9. Bd2 Bxd2+ 10. Qxd2 O-O 11. Bc4 Nd7 12. O-O b6 13. Rfe1 Bb7 14.
Rad1 Rc8 15. Bd3 Qe7 16. Re3 Nf6 17. h3 Rc7 18. a4 a5 19. Qb2 Nd7 20. d5 exd5
21. exd5 Qd6 22. Bb5 Nf6 23. Ne5 Rfc8 24. Ng4 Nxg4 25. hxg4 h6 26. Qe5 Rd8 27.
Qxd6 Rxd6 28. Re8+ Kh7 29. Bd3+ g6 30. Be4 Kg7 31. Bf3 Rc4 32. Rb8 Bc8 33. Rb1
Bxg4 34. Bxg4 Rxg4 35. R8xb6 Rxd5 36. R6b5 Rdd4 37. Rxa5 Rxa4 38. Rxa4 Rxa4 39.
g3 g5 40. Rb6 f6 41. Kg2 Kg6 42. Rb5 f5 43. Rb6+ Kh5 44. Rb5 f4 45. gxf4 Rxf4
46. Kg3 Rg4+ 47. Kh3 Rc4 48. Rb6 Rc3+ 49. Kg2 g4 50. Rb8 Kh4 51. Rg8 h5 52. Rg7
Rc5 53. Rg8 Rg5 54. Ra8 Rg6 55. Ra5 1/2-1/2

[Event "SK Schmiden/Cannstatt - SG Schwäbisch G"]
[Site "?"]
[Date "2022.03.27"]
[Round "4.7"]
[White "Pohl, Walter"]
[Black "Eisele, Steffen"]
[Result "1/2-1/2"]
[WhiteElo "2100"]
[BlackElo "2258"]
[PlyCount "88"]
[EventDate "2022.??.??"]

1. e4 e6 2. d4 d5 3. Nc3 Bb4 4. exd5 exd5 5. Bd3 Nc6 6. Nge2 Nge7 7. Bg5 Be6 8.
Qd2 Qd7 9. a3 Bxc3 10. Qxc3 f6 11. Bf4 Bf5 12. O-O-O O-O 13. f3 Rab8 14. g4
Bxd3 15. Qxd3 b5 16. h4 b4 17. g5 Na5 18. gxf6 Rxf6 19. Be5 bxa3 20. Qxa3 Nc4
21. Qxa7 Nc6 22. Qc5 Rxb2 23. Bxf6 Nb4 24. Qxc4 dxc4 25. Kxb2 Qa4 26. Kc3 Nd5+
27. Kd2 Qb4+ 28. c3 Qb2+ 29. Ke1 Nxc3 30. Nxc3 Qxc3+ 31. Kf2 gxf6 32. d5 Qe5
33. Rhg1+ Kf7 34. Rg4 Qb2+ 35. Ke3 Qb3+ 36. Ke2 c3 37. Rgg1 Qc2+ 38. Ke3 Ke7
39. Rd3 Kd6 40. Ra1 Qb2 41. Ra6+ Ke5 42. Rc6 Qc1+ 43. Ke2 Qc2+ 44. Ke3 Qc1+
1/2-1/2

[Event "SK Schmiden/Cannstatt - SG Schwäbisch G"]
[Site "?"]
[Date "2022.03.27"]
[Round "4.8"]
[White "Witke, Thomas"]
[Black "Bader, Gerd"]
[Result "1/2-1/2"]
[WhiteElo "2218"]
[BlackElo "2043"]
[PlyCount "41"]
[EventDate "2022.??.??"]

1. c4 e5 2. Nc3 d6 3. d4 Nd7 4. Nf3 Ngf6 5. e4 g6 6. h3 Bg7 7. Be3 O-O 8. d5
Nc5 9. Nd2 a5 10. a3 c6 11. b4 axb4 12. axb4 Rxa1 13. Qxa1 Na6 14. Qa3 cxd5 15.
cxd5 Nh5 16. Nc4 f5 17. b5 Nc5 18. Nxd6 Nxe4 19. Ndxe4 fxe4 20. Qb4 Nf4 21.
Nxe4 1/2-1/2

[Event "TG Biberach - Schachfreunde Deizisau 2"]
[Site "?"]
[Date "2021.12.19"]
[Round "4.1"]
[White "Koellner, Ruben Gideon"]
[Black "Sokratov, Stanislav"]
[Result "1-0"]
[WhiteElo "2428"]
[BlackElo "2186"]
[PlyCount "111"]
[EventDate "2021.??.??"]

1. d4 Nf6 2. Bg5 d5 3. e3 c5 4. c3 Qb6 5. Qb3 c4 6. Qc2 Ne4 7. Bf4 g5 8. Bxb8
Rxb8 9. Nd2 Nxd2 10. Qxd2 Bf5 11. Ne2 e6 12. Ng3 Bg6 13. h4 gxh4 14. Rxh4 Be7
15. Rh6 Bg5 16. Rh1 h5 17. f4 Bf6 18. Be2 h4 19. Nf1 Be4 20. Kf2 Rg8 21. Bf3
Bxf3 22. Kxf3 Kd7 23. g4 hxg3 24. Nxg3 Rg6 25. Qc2 Rbg8 26. Rag1 Qa5 27. Rh7
Ke7 28. f5 Rg5 29. fxe6 Kxe6 30. e4 Qc7 31. exd5+ Ke7 32. Qe4+ Kf8 33. Rh3 Qd7
34. Rh4 Rxd5 35. Rg4 Rdg5 36. Rxg5 Rxg5 37. Rh1 Qd5 38. Qxd5 Rxd5 39. Rh2 Ke7
40. Ke4 Ke6 41. Rh6 Rd6 42. Nh5 Ke7 43. Rxf6 Rxf6 44. Nxf6 Kxf6 45. Kd5 Kf5 46.
Kxc4 Ke4 47. Kb3 f5 48. Kc2 f4 49. Kd2 Kf3 50. d5 Kg3 51. d6 f3 52. d7 f2 53.
d8=Q f1=Q 54. Qd3+ Qxd3+ 55. Kxd3 Kf4 56. Kd4 1-0

[Event "TG Biberach - Schachfreunde Deizisau 2"]
[Site "?"]
[Date "2021.12.19"]
[Round "4.2"]
[White "Mack, Wolfgang"]
[Black "Dabo-Peranic, Robert"]
[Result "1/2-1/2"]
[WhiteElo "2265"]
[BlackElo "2288"]
[PlyCount "59"]
[EventDate "2021.??.??"]

1. c4 e6 2. g3 d5 3. Nf3 c5 4. Bg2 Nc6 5. cxd5 exd5 6. d4 Nf6 7. O-O Be7 8.
dxc5 Bxc5 9. a3 a5 10. Bg5 O-O 11. Nc3 d4 12. Ne4 Be7 13. Nxf6+ Bxf6 14. Bxf6
Qxf6 15. Qd2 Bg4 16. Rfe1 Rad8 17. h3 Bh5 18. Qg5 Qxg5 19. Nxg5 Rfe8 20. Kf1 f6
21. Nf3 Ne5 22. Nxe5 Rxe5 23. Bxb7 Rb5 24. Ba6 Rxb2 25. Rab1 Rxb1 26. Rxb1 Bg6
27. Rb3 Bc2 28. Bc4+ Kf8 29. Rb5 Rc8 30. Bd3 1/2-1/2

[Event "TG Biberach - Schachfreunde Deizisau 2"]
[Site "?"]
[Date "2021.12.19"]
[Round "4.3"]
[White "Koellner, Aaron Noah"]
[Black "Weiss, Oliver"]
[Result "1-0"]
[WhiteElo "2155"]
[BlackElo "2220"]
[PlyCount "119"]
[EventDate "2021.??.??"]

1. d4 e6 2. Nf3 Nf6 3. Bg5 c5 4. e3 Qb6 5. Nbd2 cxd4 6. Nxd4 d5 7. Bxf6 gxf6 8.
N4b3 Nc6 9. Be2 e5 10. O-O Be6 11. Rc1 O-O-O 12. c3 Rg8 13. Re1 Be7 14. Qc2 f5
15. c4 Kb8 16. a3 e4 17. cxd5 Bxd5 18. Nc4 Bxc4 19. Qxc4 Ne5 20. Qa4 Qh6 21.
Nd4 Qg6 22. g3 Rc8 23. Qa5 Bd6 24. Red1 Ka8 25. Nb5 Bb8 26. Nxa7 Bxa7 27. Qxe5
Rxc1 28. Rxc1 Rd8 29. Qe7 Bb6 30. Rc4 h5 31. Qe5 Qd6 32. Qxf5 Qd2 33. Rc8+ Rxc8
34. Qxc8+ Ka7 35. Qc4 Qxb2 36. Qa4+ Kb8 37. Bxh5 f5 38. Bg6 Qb1+ 39. Kg2 Qb2
40. Bxf5 Bxe3 41. Qe8+ Ka7 42. Qxe4 Qxf2+ 43. Kh3 Qf1+ 44. Kh4 Bg1 45. h3 Qc1
46. Qa4+ Kb8 47. Qf4+ Qxf4+ 48. gxf4 b5 49. Bd3 Bc5 50. Bxb5 Bxa3 51. f5 Kc7
52. Kg5 Kd6 53. f6 Ke5 54. h4 Bf8 55. h5 Ke6 56. Bc4+ Ke5 57. Kg6 Kd4 58. Ba2
Ke5 59. Bb3 Bh6 60. Kxh6 1-0

[Event "TG Biberach - Schachfreunde Deizisau 2"]
[Site "?"]
[Date "2021.12.19"]
[Round "4.4"]
[White "Engelhart, Achim"]
[Black "Gheng, Dominik"]
[Result "1-0"]
[WhiteElo "2056"]
[BlackElo "2052"]
[PlyCount "87"]
[EventDate "2021.??.??"]

1. e4 e5 2. Nf3 Nc6 3. Bb5 Nf6 4. O-O d6 5. Re1 a6 6. Bf1 g6 7. c3 Bg7 8. h3
O-O 9. d4 Nd7 10. Na3 b5 11. Nc2 Bb7 12. a4 bxa4 13. Rxa4 Kh8 14. Bg5 f6 15.
Bh4 Qc8 16. Ra2 Nd8 17. d5 Nf7 18. Ne3 Nh6 19. Nc4 Rb8 20. Na5 Ba8 21. Qd2 f5
22. Ng5 Nc5 23. f3 fxe4 24. fxe4 Nf7 25. b4 Nxg5 26. bxc5 Nf7 27. c6 Bh6 28.
Qd3 Rb5 29. Qc2 Rb8 30. Qe2 g5 31. Bf2 Rb6 32. Qh5 Rb8 33. Be2 Qd8 34. Bxa6 Qf6
35. Be2 Kg7 36. Bg4 Nh8 37. Bf5 Ng6 38. Bxg6 hxg6 39. Qg4 Qf4 40. Be3 Qf6 41.
Rf2 Qe7 42. Rxf8 Rxf8 43. Rf1 Rb8 44. Nc4 1-0

[Event "TG Biberach - Schachfreunde Deizisau 2"]
[Site "?"]
[Date "2021.12.19"]
[Round "4.5"]
[White "Koellner, Christof"]
[Black "Birkenmaier, Rainer"]
[Result "0-1"]
[WhiteElo "2122"]
[BlackElo "2096"]
[PlyCount "172"]
[EventDate "2021.??.??"]

1. d4 g6 2. Nf3 Bg7 3. Nbd2 d5 4. e3 Nf6 5. b4 Bg4 6. Be2 Nbd7 7. c4 c6 8. O-O
O-O 9. a4 dxc4 10. Nxc4 Nd5 11. Bd2 a6 12. Rc1 Rc8 13. h3 Bxf3 14. Bxf3 N7b6
15. Na5 Qd7 16. e4 Nf6 17. Be3 Na8 18. Nc4 Rfd8 19. Qc2 Ne8 20. Rfd1 Qc7 21.
Qb3 Qb8 22. Bg4 e6 23. e5 Rd7 24. Nd2 Nac7 25. Ne4 Bf8 26. Nc5 Bxc5 27. dxc5
Nd5 28. Bd4 Rcd8 29. Bb2 b5 30. a5 Ng7 31. g3 Re8 32. h4 Qd8 33. Bf3 h5 34. Rc2
Qe7 35. Bc1 Nf5 36. Bg5 Qf8 37. Bxd5 Rxd5 38. Rxd5 exd5 39. Qb2 Re6 40. Re2 Qe8
41. Bf6 Kh7 42. Qd2 Qf8 43. Qf4 Qh6 44. Bg5 Qg7 45. Kg2 Qf8 46. Re1 Qe8 47. Kf1
Qd7 48. Rd1 Re8 49. Bf6 Nh6 50. Kg2 Qg4 51. f3 Qxf4 52. gxf4 Nf5 53. Kf2 Kg8
54. Ke2 Kf8 55. Kd3 Re6 56. Bg5 Ke8 57. Rh1 Kd7 58. Rc1 Re8 59. Rd1 Ke6 60. Rg1
Rb8 61. Rd1 Rb7 62. Rg1 Rd7 63. Rg2 d4 64. Rd2 Ng7 65. Ke4 d3 66. Rxd3 Rxd3 67.
Kxd3 Kd5 68. Bh6 Ne6 69. Bg5 Nd4 70. Bd8 Nxf3 71. Ke3 Nd4 72. Kd3 Ne6 73. Bg5
Nxg5 74. fxg5 Kxe5 75. Ke3 f6 76. gxf6 Kxf6 77. Kf4 g5+ 78. hxg5+ Kg6 79. Ke5
Kxg5 80. Kd6 h4 81. Kxc6 h3 82. Kd7 h2 83. c6 h1=Q 84. c7 Qb7 85. Kd8 Kf6 86.
c8=Q Qe7# 0-1

[Event "TG Biberach - Schachfreunde Deizisau 2"]
[Site "?"]
[Date "2021.12.19"]
[Round "4.6"]
[White "Namyslo, Holger"]
[Black "Brenner, Markus"]
[Result "1/2-1/2"]
[WhiteElo "2208"]
[BlackElo "2088"]
[PlyCount "38"]
[EventDate "2021.??.??"]

1. e4 c5 2. Nf3 e6 3. c3 Nf6 4. e5 Nd5 5. d4 cxd4 6. cxd4 d6 7. Bc4 Nb6 8. Bd3
dxe5 9. dxe5 N8d7 10. O-O Nc5 11. Bb5+ Bd7 12. Nc3 a6 13. Bxd7+ Qxd7 14. Qxd7+
Ncxd7 15. b3 Rc8 16. Bb2 Nc5 17. Rfd1 Be7 18. Rac1 O-O 19. Ba3 Rfd8 1/2-1/2

[Event "TG Biberach - Schachfreunde Deizisau 2"]
[Site "?"]
[Date "2021.12.19"]
[Round "4.7"]
[White "Jelica, Mara"]
[Black "Schulze, Andreas"]
[Result "1/2-1/2"]
[WhiteElo "2085"]
[BlackElo "2072"]
[PlyCount "53"]
[EventDate "2021.??.??"]

1. e4 Nf6 2. e5 Nd5 3. d4 d6 4. c4 Nb6 5. Nf3 Bg4 6. exd6 cxd6 7. h3 Bxf3 8.
Qxf3 Nc6 9. Be3 d5 10. c5 Nc8 11. Nc3 e6 12. Bb5 g6 13. h4 h6 14. Bf4 Bg7 15.
Qe3 N8e7 16. g4 a6 17. Bxc6+ Nxc6 18. O-O-O h5 19. f3 Kf8 20. Bd6+ Kg8 21. Kb1
Qa5 22. Ne2 Qa4 23. Rd2 Bh6 24. Bf4 Bg7 25. Bd6 Bh6 26. Bf4 Bg7 27. Bd6 1/2-1/2

[Event "TG Biberach - Schachfreunde Deizisau 2"]
[Site "?"]
[Date "2021.12.19"]
[Round "4.8"]
[White "Reimche, Vadim"]
[Black "Valkova, Angelika"]
[Result "0-1"]
[WhiteElo "2063"]
[BlackElo "2037"]
[PlyCount "148"]
[EventDate "2021.??.??"]

1. d4 d5 2. c4 e6 3. Nc3 Nf6 4. Bg5 dxc4 5. e3 c5 6. Bxc4 cxd4 7. exd4 Be7 8.
Nf3 O-O 9. O-O Nc6 10. a3 a6 11. b4 b5 12. Ba2 Ra7 13. Rc1 Bb7 14. Qe2 Ba8 15.
Bxf6 Bxf6 16. d5 Bxc3 17. dxc6 Bf6 18. Rc2 Qb6 19. Ne5 Bxe5 20. Qxe5 Rc7 21.
Rfc1 Rxc6 22. Rxc6 Bxc6 23. Qd6 Rd8 24. Qf4 Qd4 25. Qxd4 Rxd4 26. f3 Rd6 27.
Kf2 Kf8 28. Ke2 Ke7 29. Bb1 h6 30. Bd3 Kd8 31. Rc5 Bd5 32. a4 bxa4 33. Ra5 Bb7
34. Rxa4 Rb6 35. Kd2 Kc7 36. Kc3 Rc6+ 37. Kd2 Rd6 38. Kc3 Kb6 39. Ra5 Rd5 40.
Ra1 Rg5 41. Ra2 Re5 42. Kd2 Rh5 43. h3 Rh4 44. Kc3 Rf4 45. Ra5 f6 46. Ra2 e5
47. Ra5 h5 48. Ra2 g5 49. Ra5 g4 50. hxg4 hxg4 51. fxg4 Rxg4 52. Bf1 Rf4 53.
Ra1 Rf2 54. g4 Rf3+ 55. Kd2 Rf4 56. Be2 Rxb4 57. g5 Rd4+ 58. Ke3 fxg5 59. Rg1
Re4+ 60. Kd2 Rd4+ 61. Ke3 g4 62. Bxg4 Bc6 63. Be6 Rb4 64. Kd2 a5 65. Re1 Rb5
66. Bc4 Rc5 67. Rb1+ Bb5 68. Bf7 a4 69. Be8 Ka5 70. Bf7 a3 71. Bb3 Ba4 72. Be6
Rc2+ 73. Kd3 Rc6 74. Bd5 Bc2+ 0-1

[Event "Stuttgarter SF 2 - Heilbronner SV"]
[Site "?"]
[Date "2021.12.19"]
[Round "4.1"]
[White "Wenninger, Philipp"]
[Black "Fritsch, Rolf"]
[Result "1-0"]
[WhiteElo "2393"]
[BlackElo "2189"]
[PlyCount "69"]
[EventDate "2021.??.??"]

1. d4 Nf6 2. Bg5 g6 3. Bxf6 exf6 4. e3 Bg7 5. g3 d5 6. Bg2 c6 7. Ne2 h5 8. h4
O-O 9. Nd2 Na6 10. O-O Re8 11. c4 dxc4 12. Nxc4 Bg4 13. Rc1 Re7 14. Qd2 Bxe2
15. Qxe2 f5 16. Rfd1 Nb4 17. Qd2 Nd5 18. b4 Nf6 19. a4 Ne4 20. Qc2 Qd7 21. a5
Rae8 22. a6 bxa6 23. Na5 Qd6 24. Bxe4 Rxe4 25. Qc5 Qf6 26. Qxc6 R4e6 27. Qf3
Re4 28. Nb3 Qb6 29. Nc5 R4e7 30. Nd3 a5 31. Rc6 Qd8 32. bxa5 Qxa5 33. d5 Rd8
34. d6 Rb7 35. Rc5 {Zeitüberschreitung} 1-0

[Event "Stuttgarter SF 2 - Heilbronner SV"]
[Site "?"]
[Date "2021.12.19"]
[Round "4.2"]
[White "Schwarzburger, Lothar"]
[Black "Kabisch, Thilo"]
[Result "1/2-1/2"]
[WhiteElo "2185"]
[BlackElo "2284"]
[PlyCount "76"]
[EventDate "2021.??.??"]

1. e4 e5 2. Nf3 Nc6 3. Bb5 a6 4. Ba4 Nf6 5. O-O b5 6. Bb3 Be7 7. Qe2 O-O 8. c3
d6 9. d4 Bg4 10. d5 Na5 11. Bc2 c5 12. b3 Qc8 13. Be3 Nxe4 14. Bxe4 f5 15. h3
Bh5 16. Bc2 e4 17. Nbd2 exf3 18. Nxf3 Bf6 19. Bd2 Re8 20. Qd3 c4 21. bxc4 Qxc4
22. Nd4 Bxd4 23. cxd4 Be2 24. Qxf5 g6 25. Qg5 Qxc2 26. Rfc1 Qf5 27. Qxf5 gxf5
28. Bxa5 Bc4 29. Bc7 Re4 30. a4 Rxd4 31. axb5 Bxb5 32. Rd1 Rxd1+ 33. Rxd1 Bc4
34. Rd4 Bb3 35. Rd3 Bc4 36. Rd4 Ba2 37. Rd2 Bb3 38. Rd3 Bc4 1/2-1/2

[Event "Stuttgarter SF 2 - Heilbronner SV"]
[Site "?"]
[Date "2021.12.19"]
[Round "1.3"]
[White "Zuferi, Enis"]
[Black "Gabriel, Robert"]
[Result "1-0"]
[WhiteElo "2322"]
[BlackElo "2216"]
[PlyCount "129"]

1. d4 d5 2. c4 e6 3. Nc3 Nf6 4. Nf3 Nbd7 5. Bf4 dxc4 6. e3 Nb6 7. Bxc4 Nxc4 8.
Qa4+ Bd7 9. Qxc4 Bd6 10. Bg5 h6 11. Bh4 O-O 12. Ne5 Be7 13. O-O Rc8 14. Rfd1
Nd5 15. Bxe7 Nxe7 16. e4 Nc6 17. Nf3 Qe7 18. Rac1 Rfd8 19. e5 Qb4 20. Qe2 Ne7
21. a3 Qb3 22. Ne4 Bc6 23. Rd3 Qb5 24. Rc5 Qb6 25. Rd2 Nf5 26. b4 Bxe4 27. Qxe4
c6 28. h4 h5 29. Qf4 Rd5 30. Qg5 g6 31. Qf4 Rcd8 32. g3 Rxc5 33. dxc5 Qc7 34.
Rd6 Kg7 35. Qg5 Nxd6 36. Qf6+ Kg8 37. exd6 Qd7 38. Ne5 Qe8 39. Nxf7 Rd7 40. Ne5
Rg7 41. d7 Rxd7 42. Nxd7 Qxd7 43. Qxg6+ Kf8 44. Qxh5 Qd3 45. Qh6+ Kf7 46. Qe3
Qd5 47. Kh2 e5 48. g4 Qd1 49. Qe4 Qf1 50. Qf5+ Kg8 51. Qe6+ Kh7 52. Qf7+ Kh8
53. h5 Qe2 54. Qf8+ Kh7 55. Qf5+ Kg7 56. Kg3 Qe1 57. Qg6+ Kh8 58. Kg2 Qd1 59.
h6 Qd5+ 60. Kh2 Qd7 61. Qg7+ Qxg7 62. hxg7+ Kxg7 63. Kg3 Kf6 64. Kf3 Ke6 65.
Ke4 1-0

[Event "Stuttgarter SF 2 - Heilbronner SV"]
[Site "?"]
[Date "2021.12.19"]
[Round "4.4"]
[White "Migl, Dieter"]
[Black "Pogan, Nikolas"]
[Result "1/2-1/2"]
[WhiteElo "2118"]
[BlackElo "2205"]
[PlyCount "68"]
[EventDate "2021.??.??"]

1. e4 c6 2. Nc3 d5 3. Nf3 Bg4 4. h3 Bxf3 5. Qxf3 e6 6. Be2 Bc5 7. O-O Ne7 8. d3
O-O 9. Qg3 Nd7 10. Kh1 Kh8 11. f4 f5 12. exd5 exd5 13. Bf3 Ng6 14. Bd2 Qh4 15.
Qh2 Rae8 16. g3 Qd8 17. Rae1 Nf6 18. Rxe8 Rxe8 19. Re1 Kg8 20. Rxe8+ Qxe8 21.
Qe2 Kf7 22. Qxe8+ Kxe8 23. Ne2 Kf7 24. Bc3 Ne7 25. Kg2 Nd7 26. a4 a6 27. b3 g6
28. g4 Nf8 29. Be5 Ne6 30. Kg3 Be3 31. Bg2 Bc5 32. Bf3 Be3 33. Bg2 Bc5 34. Bf3
Be3 1/2-1/2

[Event "Stuttgarter SF 2 - Heilbronner SV"]
[Site "?"]
[Date "2021.12.19"]
[Round "4.6"]
[White "Gerstenberger, Heinz"]
[Black "Dudek, Richard"]
[Result "0-1"]
[WhiteElo "2096"]
[BlackElo "2204"]
[PlyCount "98"]
[EventDate "2021.??.??"]

1. d4 Nf6 2. c4 e6 3. Nf3 b6 4. a3 Bb7 5. Nc3 Be7 6. Qc2 c5 7. dxc5 bxc5 8. e4
d6 9. Be2 O-O 10. h3 Nc6 11. Be3 Qb6 12. Rd1 a5 13. O-O e5 14. Nd5 Nxd5 15.
cxd5 Nd4 16. Nxd4 cxd4 17. Bd2 Rfc8 18. Qb1 f5 19. Bd3 Qb3 20. Rc1 Bd8 21. Rfe1
Rc5 22. Bc2 Rxc2 23. Qxc2 Qxc2 24. Rxc2 fxe4 25. b4 Bxd5 26. Rec1 Bb7 27. bxa5
d5 28. Rb2 Ba6 29. Rcb1 Bc7 30. Rb6 Bxb6 31. axb6 Bb7 32. Bb4 Kf7 33. Rc1 Rc8
34. Rxc8 Bxc8 35. Kf1 Ba6+ 36. Ke1 e3 37. Bc5 exf2+ 38. Kxf2 Ke6 39. Ke1 Kf5
40. Bf8 g6 41. Bg7 d3 42. Bh6 d4 43. Kd1 Ke4 44. Kd2 Kd5 45. Bg7 e4 46. Bf6 e3+
47. Kd1 Kc4 48. Bg5 Kc3 49. Bf4 d2 0-1

[Event "Stuttgarter SF 2 - Heilbronner SV"]
[Site "?"]
[Date "2021.12.19"]
[Round "4.7"]
[White "Stuermer, Robin"]
[Black "Aksenov, Pavel"]
[Result "1-0"]
[WhiteElo "2219"]
[BlackElo "2064"]
[PlyCount "69"]
[EventDate "2021.??.??"]

1. d4 Nf6 2. c3 e6 3. Bg5 Be7 4. Nd2 b6 5. e4 Bb7 6. Bd3 c5 7. Ngf3 h6 8. Bh4
d6 9. Qe2 Nbd7 10. O-O-O cxd4 11. cxd4 e5 12. Kb1 O-O 13. g4 Nh7 14. Bg3 exd4
15. Nxd4 Nc5 16. Nf5 g6 17. Nxh6+ Kg7 18. g5 Bxg5 19. Ng4 Re8 20. f4 Bf6 21.
Bc2 d5 22. e5 Be7 23. Nb3 Nxb3 24. Bxb3 d4 25. Qc4 Rf8 26. Rhf1 Bc5 27. Ka1 Qd7
28. f5 gxf5 29. Nf6 Nxf6 30. exf6+ Kh7 31. Qe2 Kg6 32. Rg1 d3 33. Bf4+ Bxg1 34.
Rxg1+ Kxf6 35. Qe5# 1-0

[Event "Stuttgarter SF 2 - Heilbronner SV"]
[Site "?"]
[Date "2021.12.19"]
[Round "4.8"]
[White "Leitherer, Johannes"]
[Black "Lahouel, Kim-Luca"]
[Result "1/2-1/2"]
[WhiteElo "1734"]
[BlackElo "1970"]
[PlyCount "107"]
[EventDate "2021.??.??"]

1. e4 e5 2. Nf3 Nc6 3. Bb5 a6 4. Bxc6 dxc6 5. O-O f6 6. d4 Bg4 7. c3 Bd6 8. h3
Bh5 9. Nbd2 Qd7 10. Nc4 exd4 11. cxd4 O-O-O 12. Be3 Qe7 13. Qc2 Bxf3 14. gxf3
g5 15. e5 fxe5 16. dxe5 Bc5 17. Qf5+ Kb8 18. Qxg5 Bxe3 19. Qxe7 Bxf2+ 20. Rxf2
Nxe7 21. Ne3 Rd3 22. Re1 Rf8 23. f4 Ng6 24. Ng2 Ne7 25. Re3 Rd4 26. Kh2 Kc8 27.
Rg3 Nf5 28. Rg5 Kd7 29. Rh5 Rf7 30. Nh4 Nxh4 31. Rxh4 Ke6 32. Rg4 c5 33. Kg3 b5
34. Rg8 Rd3+ 35. Rf3 Rd2 36. Ra8 Rg7+ 37. Kh4 Rxb2 38. Rxa6+ Kd5 39. Rf6 Re7
40. Kg5 Ke4 41. Rf1 Rg2+ 42. Kh4 Rxa2 43. Re1+ Kd5 44. e6 c4 45. f5 c3 46. Rf7
Kd6 47. Kg5 c2 48. Rxe7 Kxe7 49. f6+ Kd6 50. e7 Ra8 51. Rc1 Ke6 52. Rxc2 Rg8+
53. Kf4 Kxf6 54. Rxc7 1/2-1/2

[Event "TSV Schönaich 2 - SK Bebenhausen"]
[Site "?"]
[Date "2022.03.20"]
[Round "4.2"]
[White "Koelle, Tobias"]
[Black "Wendler, David"]
[Result "1/2-1/2"]
[WhiteElo "2378"]
[BlackElo "2288"]
[PlyCount "107"]
[EventDate "2022.??.??"]

1. d4 Nf6 2. c4 c5 3. d5 b5 4. cxb5 a6 5. bxa6 g6 6. Nc3 Bxa6 7. e4 Bxf1 8.
Kxf1 d6 9. g3 Bg7 10. Kg2 O-O 11. Nf3 Qb6 12. Qe2 Na6 13. a4 Nc7 14. Rb1 Rfb8
15. b3 Qa6 16. Qc2 e6 17. dxe6 Nxe6 18. Rd1 Nd4 19. Nxd4 cxd4 20. Rxd4 Rc8 21.
Qd3 Rxc3 22. Qxc3 Nxe4 23. Qe3 Bxd4 24. Qxe4 Be5 25. Be3 Rb8 26. Qd5 Rc8 27.
Rc1 Rxc1 28. Bxc1 h5 29. h4 Kg7 30. Be3 Qe2 31. b4 Qg4 32. a5 g5 33. Bxg5 Qxb4
34. Be3 Qa4 35. Bb6 Qb4 36. Qb7 Qc4 37. a6 d5 38. a7 Qe4+ 39. Kg1 Qe1+ 40. Kh2
Bxg3+ 41. Kxg3 Qe5+ 42. Kg2 Qe4+ 43. f3 Qg6+ 44. Kh3 Qf5+ 45. Kg2 Qg6+ 46. Kf2
Qc2+ 47. Kf1 Qb1+ 48. Ke2 Qc2+ 49. Ke1 Qc1+ 50. Kf2 Qc2+ 51. Kf1 Qb1+ 52. Kg2
Qg6+ 53. Kh1 Qb1+ 54. Kg2 1/2-1/2

[Event "TSV Schönaich 2 - SK Bebenhausen"]
[Site "?"]
[Date "2022.03.20"]
[Round "4.3"]
[White "Braeuning, Rudolf Wilhelm"]
[Black "Menezes, Christoph"]
[Result "1/2-1/2"]
[WhiteElo "2188"]
[BlackElo "2425"]
[PlyCount "30"]
[EventDate "2022.??.??"]

1. Nc3 c5 2. Nf3 Nc6 3. e3 Nf6 4. Bb5 g6 5. d4 cxd4 6. exd4 d5 7. Ne5 Bd7 8.
Bg5 Bg7 9. Bxf6 Bxf6 10. Nxd5 Nxe5 11. dxe5 Bxb5 12. exf6 e6 13. Nc3 Bc6 14.
Qxd8+ Rxd8 15. O-O g5 1/2-1/2

[Event "TSV Schönaich 2 - SK Bebenhausen"]
[Site "?"]
[Date "2022.03.20"]
[Round "4.4"]
[White "Richter, Nils"]
[Black "Roth, Juergen Eugen"]
[Result "1-0"]
[WhiteElo "2365"]
[BlackElo "2169"]
[PlyCount "62"]
[EventDate "2022.??.??"]

1. d4 Nf6 2. c4 e6 3. g3 Bb4+ 4. Nd2 O-O 5. Bg2 Nc6 6. Ngf3 d6 7. O-O e5 8. d5
Bxd2 9. Bxd2 Ne7 10. Nh4 Nf5 11. Nxf5 Bxf5 12. Rc1 e4 13. Bc3 Re8 14. Bd4 Nd7
15. Qd2 a5 16. Qf4 Bg6 17. Rc3 Nc5 18. Re3 f5 19. Bh3 Rf8 20. f3 Bh5 21. fxe4
g5 22. Qf2 g4 23. Bg2 Nxe4 24. Qf4 Ng5 25. Bc3 Nf7 26. Qd4 Ne5 27. Rxe5 dxe5
28. Qxe5 Qg5 29. d6 c6 30. Qh8+ Kf7 31. Rxf5+ Ke6 1-0

[Event "TSV Schönaich 2 - SK Bebenhausen"]
[Site "?"]
[Date "2022.03.20"]
[Round "4.5"]
[White "Frick, Christoph"]
[Black "Lorscheid, Gerhard"]
[Result "1-0"]
[WhiteElo "2128"]
[BlackElo "2150"]
[PlyCount "81"]
[EventDate "2022.??.??"]

1. e4 d6 2. Nc3 Nf6 3. Bc4 c6 4. Qe2 g6 5. Nf3 Bg7 6. d4 O-O 7. a4 d5 8. Bb3
Bg4 9. e5 Ne8 10. h3 Bxf3 11. gxf3 Nc7 12. f4 Qd7 13. Be3 a5 14. O-O-O Nba6 15.
h4 h5 16. Qf3 e6 17. Rhg1 Rfb8 18. Ne2 b5 19. Ng3 bxa4 20. Bxa4 Rb4 21. b3 Rxa4
22. bxa4 Qe7 23. Bd2 Rb8 24. Bxa5 Qxh4 25. Kd2 Bh6 26. Nxh5 Kf8 27. Rh1 Qe7 28.
Nf6 Bg7 29. Qh3 Bxf6 30. exf6 Qxf6 31. Qh8+ Ke7 32. Qxf6+ Kxf6 33. Rb1 Rc8 34.
Rb7 Ne8 35. Ra7 Nb8 36. Bb4 Kg7 37. Bc5 Nf6 38. f3 Nbd7 39. Rb1 Rh8 40. Rbb7
Rh2+ 41. Kc1 1-0

[Event "TSV Schönaich 2 - SK Bebenhausen"]
[Site "?"]
[Date "2022.03.20"]
[Round "4.7"]
[White "Khadempour, Farhad"]
[Black "Kuebler, Marcus"]
[Result "1-0"]
[WhiteElo "2158"]
[BlackElo "1982"]
[PlyCount "101"]
[EventDate "2022.??.??"]

1. c4 g6 2. Nc3 Bg7 3. g3 c5 4. Bg2 Nc6 5. e4 d6 6. Nge2 Nf6 7. a3 O-O 8. O-O
Bd7 9. h3 Ne8 10. Rb1 a5 11. d3 Nc7 12. f4 Ne6 13. f5 Ned4 14. Nf4 Ne5 15. g4
a4 16. Nfd5 Re8 17. Bg5 f6 18. Be3 Rf8 19. Rf2 e6 20. fxe6 Nxe6 21. Qd2 Bc6 22.
Rbf1 Nd7 23. h4 Rb8 24. Bh3 Bxd5 25. cxd5 Nd4 26. Nxa4 b5 27. Nc3 b4 28. axb4
Rxb4 29. g5 Qe7 30. Bxd7 Qxd7 31. gxf6 Qg4+ 32. Rg2 Nf3+ 33. Rxf3 Qxf3 34. fxg7
Qf1+ 35. Kh2 Rf3 36. Bh6 Rd4 37. Qg5 Rf6 38. Qg4 Rf5 39. Qe2 Rf3 40. Qxf1 Rxf1
41. Rg3 Rb4 42. Rg2 Rd4 43. Re2 Rb4 44. Kg2 Rf7 45. Kg3 Rd4 46. Re3 Rb4 47. e5
dxe5 48. Rxe5 Rxg7 49. Bxg7 Kxg7 50. d6 Rd4 51. Rd5 1-0